[Event "TP-GIXG"]
[Site "http://www.queenalice.com/game.php?id=442096"]
[Date "2008.8.1"]
[Round "2"]
[White "educapivara"]
[Black "sogipano"]
[Result "0-1"]
[WhiteElo "2225"]
[BlackElo "1897"]

1. e4 c5 2. Nf3 a6 3. d4 cxd4 4. a4 e5 5. c3 Nc6 6. Bc4 Bc5 7. O-O d6 8. b4 Ba7
9. Bb2 Bg4 10. b5 dxc3 11. Nxc3 Nd4 12. bxa6 bxa6 13. Bxa6 Nxf3+ 14. gxf3 Bh3
15. f4 Bxf1 16. Kxf1 Bd4 17. Bb5+ Kf8 18. fxe5 Bxe5 19. Bc6 Rc8 20. Bd5 Bxc3 21.
Bxc3 Rxc3 22. Qd2 Qc8 23. Qf4 Qa6+ 24. Kg2 Nf6 25. Rb1 Nxd5 26. exd5 h5 27. a5
Rh6 28. Qe4 Qc8 29. f3 Rg6+ 0-1

[Event "Test drive do Rei Vip"]
[Site "http://www.queenalice.com/game.php?id=455499"]
[Date "2008.8.29"]
[Round "-"]
[White "reivipviana"]
[Black "educapivara"]
[Result "0-1"]
[WhiteElo "1313"]
[BlackElo "2224"]

1. e4 Nf6 2. e5 Nd5 3. Bc4 e6 4. Nf3 d6 5. O-O dxe5 6. Nxe5 c6 7. d4 Nd7 8. Ng4
Be7 9. a4 O-O 10. Ra3 Bxa3 11. Nxa3 N7f6 12. Bg5 h5 13. Ne5 Qb6 14. Bxf6 Nxf6
15. f4 Qxb2 16. Qd3 Qb4 17. Ra1 Rd8 18. c3 Qb2 19. Qd1 Qxc3 20. Nc2 c5 21. Ra3
Rxd4 22. Qc1 Qd2 23. Qxd2 Rxd2 24. Ne1 Rd1 25. Re3 Nd5 26. Re2 Nxf4 27. Re4 b6
28. Bb3 Rb1 29. g3 Nh3+ 30. Kg2 Bb7 31. Kxh3 Bxe4 32. Ng2 Bxg2+ 33. Kxg2 Rxb3
34. Nd7 Rd8 35. Ne5 h4 36. g4 Rd2+ 37. Kf1 Rb1# 0-1

[Event "Challenge"]
[Site "http://www.queenalice.com/game.php?id=456067"]
[Date "2008.8.30"]
[Round "-"]
[White "educapivara"]
[Black "ricardobkf14"]
[Result "1-0"]
[WhiteElo "2236"]
[BlackElo "1456"]

1. b3 e6 2. Bb2 Nf6 3. Nf3 Bd6 4. c4 O-O 5. e3 Nc6 6. Be2 Qe7 7. O-O Bc5 8. Nc3
d5 9. cxd5 Nxd5 10. Qc2 e5 11. Nxd5 Qe6 12. Nxc7 Nb4 13. Qxc5 Qc6 14. Qxc6 1-0

[Event "Challenge"]
[Site "http://www.queenalice.com/game.php?id=456975"]
[Date "2008.9.1"]
[Round "-"]
[White "educapivara"]
[Black "heberesteves"]
[Result "1-0"]
[WhiteElo "2217"]
[BlackElo "1451"]

1. e4 e5 2. f4 Bd6 3. Nf3 f6 4. fxe5 fxe5 5. Bc4 Nf6 6. O-O Nxe4 7. Re1 Nc5 8.
Nxe5 Qf6 9. Ng4+ Qe7 10. Rxe7+ Bxe7 11. d4 Ne4 12. Qf3 Nd6 13. Bb3 b5 14. Qxa8
Na6 15. Bf4 Rf8 16. Bxd6 Bxd6 17. Qxc8+ Ke7 18. Qxa6 h5 19. Ne5 g5 20. Nc3 g4
21. Re1 b4 22. Ng6+ Kf6 23. Nxf8 c6 24. Ne4+ Kg7 25. Nxd6 Kxf8 26. Qc8+ Kg7 27.
Qg8+ Kf6 28. Qf7+ Kg5 29. Qf5+ Kh4 30. g3+ Kh3 31. Qxh5# 1-0

[Event "AUTO-ELITE-212"]
[Site "http://www.queenalice.com/game.php?id=458359"]
[Date "2008.9.4"]
[Round "1"]
[White "biscuter"]
[Black "educapivara"]
[Result "1-0"]
[WhiteElo "2413"]
[BlackElo "2223"]

1. e4 c5 2. Nf3 d6 3. d4 cxd4 4. Nxd4 a6 5. Nc3 Nf6 6. Bc4 e6 7. Bb3 Be7 8. Be3
O-O 9. O-O Bd7 10. f4 Nc6 11. f5 e5 12. Nxc6 Bxc6 13. Qf3 Qa5 14. Rad1 Rfc8 15.
g4 b5 16. g5 1-0

[Event "AUTO-ELITE-212"]
[Site "http://www.queenalice.com/game.php?id=458360"]
[Date "2008.9.4"]
[Round "1"]
[White "educapivara"]
[Black "biscuter"]
[Result "0-1"]
[WhiteElo "2230"]
[BlackElo "2409"]

1. e4 c5 2. Nf3 d6 3. d4 cxd4 4. Nxd4 Nf6 5. Nc3 a6 6. f3 e6 7. Be3 b5 8. Bd3
Bb7 9. Qd2 Nbd7 10. g4 Ne5 11. Be2 Rc8 12. g5 Nfd7 13. O-O-O Be7 14. h4 Nb6 0-1

[Event "AUTO-ELITE-212"]
[Site "http://www.queenalice.com/game.php?id=458367"]
[Date "2008.9.4"]
[Round "1"]
[White "educapivara"]
[Black "Donidon"]
[Result "0-1"]
[WhiteElo "2198"]
[BlackElo "2362"]

1. e4 e6 2. d4 d5 3. Nc3 Bb4 4. e5 c5 5. a3 Bxc3+ 6. bxc3 Nc6 7. Qg4 g6 8. Nf3
Qa5 9. Bd2 Qa4 10. Be2 Qxc2 11. O-O cxd4 12. cxd4 Qe4 13. Qxe4 dxe4 14. Ng5 Nxd4
15. Bc4 b5 16. Ba2 Bb7 17. Rab1 h6 18. Nh3 Ne7 19. Nf4 a5 20. Bc3 Nec6 21. Rfd1
O-O-O 22. Rbc1 Kb8 23. Kf1 b4 24. axb4 axb4 25. Bd2 b3 26. Bb1 g5 27. Nh5 Nxe5
28. Nf6 Ba6+ 0-1

[Event "AUTO-ELITE-212"]
[Site "http://www.queenalice.com/game.php?id=458368"]
[Date "2008.9.4"]
[Round "1"]
[White "Donidon"]
[Black "educapivara"]
[Result "1-0"]
[WhiteElo "2297"]
[BlackElo "2231"]

1. e4 c5 2. Nf3 Nc6 3. d4 cxd4 4. Nxd4 g6 5. c4 Bg7 6. Be3 Nf6 7. Nc3 a6 8. Be2
Qa5 9. O-O O-O 10. Nb3 Qc7 11. f4 d6 12. Nd5 Nxd5 13. cxd5 Nd8 14. Rc1 Qd7 15.
Bd4 Qa4 16. Bxg7 Kxg7 17. Rc7 Qxe4 18. Qd2 b5 19. Bf3 Qa4 20. Na5 Re8 21. Bd1
1-0

[Event "Challenge"]
[Site "http://www.queenalice.com/game.php?id=464909"]
[Date "2008.9.17"]
[Round "-"]
[White "GMcruz"]
[Black "educapivara"]
[Result "1/2-1/2"]
[WhiteElo "2137"]
[BlackElo "2131"]

1. d4 Nf6 2. c4 c5 3. d5 b5 4. cxb5 a6 5. b6 g6 6. Nc3 Qxb6 7. e4 d6 8. Nf3 Bg7
9. Be2 Nbd7 10. a4 O-O 11. a5 Qa7 12. O-O Rb8 13. Nd2 Ne8 14. Nc4 Ne5 15. Nb6
Nc7 16. f4 Nd7 17. Nca4 Nb5 18. Be3 Nxb6 19. Nxb6 Bxb2 20. Rb1 Bd4 21. Bxd4 Nxd4
22. Bc4 Kg7 23. Qd3 Bg4 24. Rb2 Bc8 25. f5 g5 26. Nxc8 Rfxc8 27. Rfb1 Rxb2 28.
Rxb2 Rb8 29. Rxb8 Qxb8 30. Bxa6 Qb4 1/2-1/2

[Event "Challenge"]
[Site "http://www.queenalice.com/game.php?id=477474"]
[Date "2008.10.15"]
[Round "-"]
[White "educapivara"]
[Black "ingridcardoso"]
[Result "1-0"]
[WhiteElo "2191"]
[BlackElo "1505"]

1. e4 e5 2. f4 d6 3. Nf3 Nf6 4. Nc3 Nc6 5. Bc4 Bg4 6. O-O Be7 7. h3 Bxh3 8. gxh3
O-O 9. d3 exf4 10. Bxf4 Nh5 11. Qd2 Ne5 12. Nxe5 dxe5 13. Bxe5 Bc5+ 14. d4 Bb4
15. Qg2 g6 16. Nd5 c5 17. c3 cxd4 18. cxb4 d3 19. Bxd3 Rc8 20. Rac1 Rxc1 21.
Rxc1 a5 22. bxa5 Qxa5 23. Ne7# 1-0

[Event "AUTO-MASTER-398"]
[Site "http://www.queenalice.com/game.php?id=479100"]
[Date "2008.10.18"]
[Round "2"]
[White "educapivara"]
[Black "arauca"]
[Result "0-1"]
[WhiteElo "2182"]
[BlackElo "2125"]

1. e4 e5 2. d4 exd4 3. c3 d5 4. Qxd4 dxe4 5. Bc4 Qxd4 6. cxd4 Nc6 7. Be3 f5 8.
Ne2 Nf6 9. O-O Bd6 10. h3 Na5 11. Bb5+ Bd7 12. Bxd7+ Kxd7 13. Nbc3 c6 14. Rad1
Nd5 15. Bc1 h6 16. Nxd5 cxd5 17. Nc3 Ke6 18. Nb5 Bb8 19. f3 a6 20. Nc3 Bd6 21.
fxe4 fxe4 0-1

[Event "AUTO-MASTER-398"]
[Site "http://www.queenalice.com/game.php?id=479101"]
[Date "2008.10.18"]
[Round "2"]
[White "arauca"]
[Black "educapivara"]
[Result "1-0"]
[WhiteElo "2139"]
[BlackElo "2168"]

1. e4 Nc6 2. Nf3 d6 3. d4 g6 4. c3 Bg7 5. Nbd2 Bg4 6. h3 Bd7 7. Be2 Nf6 8. O-O
O-O 9. Re1 a5 10. Bf1 Qc8 11. a4 e5 12. dxe5 dxe5 13. Nc4 Nh5 14. g4 Nf4 15.
Bxf4 exf4 16. Qd2 Be6 17. Qxf4 Qd7 18. Rad1 Qe7 19. Nd4 Bxd4 20. cxd4 Bxc4 21.
Bxc4 Rad8 22. Qe3 1-0